000 00301nam a22001337a 4500
008 181030b xxu||||| |||| 00| 0 eng d
020 _a9780942710304
041 _aeng
080 _a370
100 _a39
101 _aEDU
245 _aHigh Impact Resume Letters
_cRonald.L.K
942 _2udc
_cBK
999 _c51084
_d51084